000 00328nam a2200133 i 4500
001 bg
100 1 _aKotarbiński, Tadeusz
_d(1886-1981).
245 0 _aAbecadło praktyczności /
_cT. Kotarbiński.
260 _aWarszawa,
_c1972.
040 _cBPK
041 _apol
942 _cKS
008 s pl f |000 0 pol
999 _c21351
_d21351
856 _uhttp://koha.tu.koszalin.pl/cgi-bin/koha/opac-detail.pl?biblionumber=21351
_yKatalog online BPK